Normal view
MARC view
Entry Personal Name
001 - CONTROL NUMBER
- control field: 40373
003 - CONTROL NUMBER IDENTIFIER
- control field: ARRUPE
005 - DATE AND TIME OF LATEST TRANSACTION
- control field: 20180308141923.0
008 - FIXED-LENGTH DATA ELEMENTS
- fixed length control field: 180308|| aca||aabn | a|a d
040 ## - CATALOGING SOURCE
- Original cataloging agency: ARRUPE
- Transcribing agency: ARRUPE
100 ## - HEADING--PERSONAL NAME
- Personal name: Scott, D.N
670 ## - SOURCE DATA FOUND
- Source citation: Work cat.: (ARRUPE)27692: Scott, D.N, Rho-Plan 60' or guarantees that will work for the whites of Rhodesia /